Más sobre el peligro / Carmen Karr
Publicado:
La Actualidad. Revista mundial de información gráfica, núm. 386 (dic. 1913), pàg. 8 - 9 :
Descripción Física:
29 cm
Materias:
Drets de les dones -- Espanya
MARC
| LEADER | 00000nam a2200000Ia 4500 | ||
|---|---|---|---|
| 001 | 19257 | ||
| 008 | 160829s9999 xx 000 0 cat d | ||
| 080 | |a 3405, exp. 9 | ||
| 100 | 1 | |a Karr, Carme, |d 1865-1943 |9 47584 | |
| 245 | |a Más sobre el peligro / Carmen Karr | ||
| 260 | |a La Actualidad. Revista mundial de información gráfica, núm. 386 (dic. 1913), pàg. 8 - 9 | ||
| 300 | |a 29 cm | ||
| 590 | |a Secció de la revista: Notas femeninas. | ||
| 590 | |a A la pàg. 21 hi ha fotografies en blanc i negre de la façana, la sala de lectura, els jardins i els dormitoris de La Llar. | ||
| 650 | |a Drets de les dones |x Espanya |9 47585 | ||
| 901 | |a Arxiu | ||
| 942 | |n 1 | ||
| 952 | |0 0 |1 0 |4 0 |6 3405_EXP_9 |7 1 |9 53982 |a Arxiu |b Arxiu |d 2016-12-01 |l 0 |o 3405, exp. 9 |p 19257 |r 2016-12-01 00:00:00 |w 2016-12-01 |y ARXIU | ||
| 999 | |c 57849 |d 57849 | ||